<?xml version="1.0" encoding="UTF-8"?>
<record
    xmlns:xsi="http://www.w3.org/2001/XMLSchema-instance"
    xsi:schemaLocation="http://www.loc.gov/MARC21/slim http://www.loc.gov/standards/marcxml/schema/MARC21slim.xsd"
    xmlns="http://www.loc.gov/MARC21/slim">

  <leader>00903nam1a22002411i 4500</leader>
  <controlfield tag="001">v19\rc\2055952</controlfield>
  <controlfield tag="005">20260406162232.0</controlfield>
  <datafield tag="035" ind1=" " ind2=" ">
    <subfield code="a">(NLR Aleph) 005133392</subfield>
  </datafield>
  <datafield tag="090" ind1=" " ind2=" ">
    <subfield code="a">4731381</subfield>
    <subfield code="c">4731381</subfield>
  </datafield>
  <datafield tag="100" ind1=" " ind2=" ">
    <subfield code="a">20081111g19081912|||a0rusy50      ca</subfield>
  </datafield>
  <datafield tag="101" ind1="0" ind2=" ">
    <subfield code="a">rus</subfield>
  </datafield>
  <datafield tag="102" ind1=" " ind2=" ">
    <subfield code="a">RU</subfield>
  </datafield>
  <datafield tag="105" ind1=" " ind2=" ">
    <subfield code="a">y   z   |||||</subfield>
  </datafield>
  <datafield tag="200" ind1="1" ind2=" ">
    <subfield code="a">&#x41E;&#x442;&#x447;&#x435;&#x442; &#x424;&#x440;&#x430;&#x43A;&#x446;&#x438;&#x438; &#x43D;&#x430;&#x440;&#x43E;&#x434;&#x43D;&#x43E;&#x439; &#x441;&#x432;&#x43E;&#x431;&#x43E;&#x434;&#x44B;</subfield>
    <subfield code="e">[&#x421; &#x43F;&#x440;&#x438;&#x43B;. &#x440;&#x435;&#x447;&#x435;&#x439; &#x434;&#x435;&#x43F;&#x443;&#x442;&#x430;&#x442;&#x43E;&#x432;]...</subfield>
    <subfield code="f">3-&#x44F; &#x413;&#x43E;&#x441;. &#x434;&#x443;&#x43C;&#x430;</subfield>
  </datafield>
  <datafield tag="210" ind1=" " ind2=" ">
    <subfield code="a">&#x421;&#x430;&#x43D;&#x43A;&#x442;-&#x41F;&#x435;&#x442;&#x435;&#x440;&#x431;&#x443;&#x440;&#x433;</subfield>
    <subfield code="d">1908-1912</subfield>
  </datafield>
  <datafield tag="215" ind1=" " ind2=" ">
    <subfield code="d">27</subfield>
  </datafield>
  <datafield tag="710" ind1="0" ind2="1">
    <subfield code="a">&#x420;&#x43E;&#x441;&#x441;&#x438;&#x44F;</subfield>
    <subfield code="b">&#x413;&#x43E;&#x441;&#x443;&#x434;&#x430;&#x440;&#x441;&#x442;&#x432;&#x435;&#x43D;&#x43D;&#x430;&#x44F; &#x434;&#x443;&#x43C;&#x430;</subfield>
    <subfield code="b">&#x421;&#x43E;&#x437;&#x44B;&#x432;</subfield>
    <subfield code="c">3</subfield>
    <subfield code="b">&#x424;&#x440;&#x430;&#x43A;&#x446;&#x438;&#x44F; &#x41A;&#x43E;&#x43D;&#x441;&#x442;&#x438;&#x442;&#x443;&#x446;&#x438;&#x43E;&#x43D;&#x43D;&#x43E;-&#x434;&#x435;&#x43C;&#x43E;&#x43A;&#x440;&#x430;&#x442;&#x438;&#x447;&#x435;&#x441;&#x43A;&#x43E;&#x439; &#x43F;&#x430;&#x440;&#x442;&#x438;&#x438;</subfield>
    <subfield code="3">RU\NLR\AUTH\889933648</subfield>
    <subfield code="9">362368</subfield>
  </datafield>
  <datafield tag="801" ind1=" " ind2="0">
    <subfield code="a">RU</subfield>
    <subfield code="b">NLR</subfield>
    <subfield code="g">psbo</subfield>
  </datafield>
  <datafield tag="801" ind1=" " ind2="1">
    <subfield code="a">RU</subfield>
    <subfield code="b">ProSoft-M</subfield>
    <subfield code="2">rusmarc</subfield>
  </datafield>
  <datafield tag="852" ind1=" " ind2=" ">
    <subfield code="a">NLR</subfield>
    <subfield code="j">17.160.5.1</subfield>
  </datafield>
  <datafield tag="852" ind1=" " ind2=" ">
    <subfield code="a">NLR</subfield>
    <subfield code="j">132/2577</subfield>
  </datafield>
  <datafield tag="852" ind1=" " ind2=" ">
    <subfield code="a">NLR</subfield>
    <subfield code="j">+&#x428;&#x438;&#x444;&#x440;&#x44B; &#x440;&#x430;&#x437;&#x43D;&#x44B;&#x435;</subfield>
  </datafield>
  <datafield tag="942" ind1=" " ind2=" ">
    <subfield code="c">BOOK</subfield>
  </datafield>
</record>
